Apocalyptic : (Record no. 6890)

MARC details
000 -LEADER
fixed length control field 00743nam a2200217 a 4500
003 - CONTROL NUMBER IDENTIFIER
control field PILC
005 - DATE AND TIME OF LATEST TRANSACTION
control field 20241128113446.0
008 - FIXED-LENGTH DATA ELEMENTS--GENERAL INFORMATION
fixed length control field 060315s1978 xx 00 eng d
010 ## - LIBRARY OF CONGRESS CONTROL NUMBER
LC control number Acc#18200,20746
020 ## - INTERNATIONAL STANDARD BOOK NUMBER
International Standard Book Number 0800613422
040 ## - CATALOGING SOURCE
Transcribing agency Philippine Baptist Theological Seminary
050 ## - LIBRARY OF CONGRESS CALL NUMBER
Classification number BS 646
Item number R912 1978
100 10 - MAIN ENTRY--PERSONAL NAME
Personal name Russell, D. S.
245 10 - TITLE STATEMENT
Title Apocalyptic :
Remainder of title ancient and modern /
Statement of responsibility, etc. D. S. Russell.
260 0# - PUBLICATION, DISTRIBUTION, ETC (IMPRINT)
Place of publication, distribution, etc. Philadelphia, PA :
Name of publisher, distributor, etc. Fortress Press,
Date of publication, distribution, etc. c1978.
300 ## - PHYSICAL DESCRIPTION
Extent 86 p. ; 20 cm.
500 ## - GENERAL NOTE
General note Includes bibliographical references and indexes
505 ## - FORMATTED CONTENTS NOTE
Formatted contents note I. an age of crisis -- II. From creation to consummation -- III Kingdom and Kerygma -- IV Today and tomorrow
650 ## - SUBJECT ADDED ENTRY--TOPICAL TERM
Topical term or geographic name as entry element APOCALYPTIC LITERATURE
942 ## - ADDED ENTRY ELEMENTS (KOHA)
Koha item type Circulation Books
Source of classification or shelving scheme Library of Congress Classification
Holdings
Withdrawn status Lost status Source of classification or shelving scheme Damaged status Not for loan Home library Current library Shelving location Date acquired Cost, normal purchase price Total Checkouts Full call number Barcode Date last seen Date last checked out Price effective from Koha item type
    Dewey Decimal Classification     PBTS Library PBTS Library Circulation Section 09/02/1982 3.10 1 BS 646 R912 1978 18200 02/26/2026 07/31/2017 04/02/2015 Circulation Books
    Dewey Decimal Classification     PBTS Library PBTS Library Circulation Section 03/15/2006 3.10   BS 646 R912 1978 20746 02/26/2026   04/02/2015 Circulation Books

Philippine Baptist Theological Seminary | 19 Tacay Road, Central Guisad, Baguio City 2600, Philippines